| 000 | 00416nam a2200157 i 4500 | ||
|---|---|---|---|
| 001 | 145910 | ||
| 003 | ES-MaACL | ||
| 005 | 20230906201344.0 | ||
| 007 | t| | ||
| 008 | 071017s1950 sp ||||1| spa d | ||
| 100 | 1 |
_aVega, Luis Antonio de. _9113571 |
|
| 245 | 1 | 0 |
_aLuna morena / _cLuis Antonio de Vega. |
| 260 |
_aMadrid : _bRumbos, _c1950. |
||
| 300 |
_a80 p. ; _c17 cm. |
||
| 852 |
_aES-MaACL _j1939-F-9 _bR.31556 |
||
| 999 |
_c145910 _d145910 |
||